| 000 | 00411nam a2200169Ia 4500 | ||
|---|---|---|---|
| 008 | 240830s2007 xx 000 0 und d | ||
| 041 | _aeng | ||
| 082 | _a611/HOF | ||
| 100 | _aROCK J.V/JONES H.W. | ||
| 245 | _aTELINDS OPERATIVE GYNECOLOGY | ||
| 250 | _a9 TH | ||
| 260 |
_bLIPINCOTT _c2007 |
||
| 300 | _a1670p | ||
| 650 | _aPATHOLOGY | ||
| 906 | _aTELINDS OPERATIVE GYNECOLOGY. | ||
| 999 |
_c1200680 _d1200680 |
||